| 000 | 00514nam a2200181Ia 4500 | ||
|---|---|---|---|
| 999 |
_c30059 _d30059 |
||
| 003 | OSt | ||
| 005 | 20201130114256.0 | ||
| 008 | 190216s9999||||xx |||||||||||||| ||und|| | ||
| 020 | _a9788187480877 | ||
| 040 | _coclc | ||
| 082 |
_a894.8124 _bSET/M |
||
| 100 |
_aSethunathan, P _97030 |
||
| 245 | 0 |
_aMalanattupazhama / _cP Sethunathan |
|
| 260 |
_bMaluben Publications, _c2012. _aTrivandram; |
||
| 300 | _a119p | ||
| 650 | _aMalayalam | ||
| 942 |
_cBK _2ddc _h894.8124 _iSET/M _k894.8124 _mSET/M |
||